Comment décorer sa maison : intérieurs, mobilier, aménagement /

Selección de cinco números de la revista mensual francesa de decoración y arte moderno Art & Décoration, que se edita desde 1897, donde se recuperan artículos para amueblar, decorar y ornamentar la casa, a partir de ejemplos de hogares campestres y citadinos de Francia.

Guardado en:
Detalles Bibliográficos
Otros autores: Fuchs, Madeleine (autor) (autor)
Formato: Libro
Idioma:Francés
Temas:
Etiquetas: Agrega una etiqueta
Sin etiquetas, Sé el primero en etiquetar este registro!

MARC

LEADER 00000nam^a2200000^a^4500
001 000187980
005 20250521000000.0
009 20260310102321.238
037 |a Acervo ITESO - Biblioteca 
041 |a FRA 
082 |a 747. 05  |b AAD 
240 1 1 |a [Art and Décoration] 
245 0 0 |a Comment décorer sa maison :  |b intérieurs, mobilier, aménagement /  |c M. Fuchs... [et al.]. 
264 |a París, Francia :  |b Art and Décoration,  |c fecha no identificada 
300 |a 1 v. (varias paginaciones) 
336 |a texto  |b txt  |2 rdacontenido 
337 |a sin mediación  |b n  |2 rdamedio 
338 |a volumen  |b nc  |2 rdasoporte 
520 |a Selección de cinco números de la revista mensual francesa de decoración y arte moderno Art & Décoration, que se edita desde 1897, donde se recuperan artículos para amueblar, decorar y ornamentar la casa, a partir de ejemplos de hogares campestres y citadinos de Francia. 
649 |a XX 
650 |a Decoración y Ornamentación -  |x Publicaciones Periódicas Francesas 
650 |a Muebles de Recámara 
650 |a Muebles de Sala 
650 |a Muebles de Comedor 
650 |a Muebles de Oficina 
650 |a Muebles de Jardín 
650 |a Muebles -  |z Francia 
650 |a Vivienda -  |z Francia 
650 |a Decoración y Ornamentación -  |z Francia 
650 |a Arquitectura Francesa -  |x Historia y Crítica 
650 |a Arte Moderno -  |z Francia -  |x Historia y Crítica 
650 |a Arte Francés -  |x Historia y Crítica 
650 |a Publicaciones Periódicas Francesas 
700 |a Fuchs, Madeleine  |e (autor) 
910 |a Fondo Julio de la Peña Lomelín 
920 |a Impresos - Libros 
930 |a Arquitectos Jaliscienses 
905 |a 115 
901 |a 0500130507  |b IT1  |c JAL  |u 20250521 
902 |a https://opac.biblio.iteso.mx/vufind/Record/000187980